NBA 2k24 Ratings - Statistics

General Stats
  • This quiz has been taken 578 times
  • The average score is 48 of 60
Answer Stats
OVR Position Height Team Player % Correct
95 PG/SG 6'7 DAL Luka Doncic
100%
98 C 6'11 DEN Nikola Jokic
100%
97 PG/SG 6'2 GSW Stephen Curry
100%
96 PF/SF 7'0 MIL Giannis Antetokounmpo
99%
95 SF/PF 6'8 BOS Jayson Tatum
99%
97 C 7'0 PHI Joel Embiid
99%
96 PF/SF 6'10 PHX Kevin Durant
99%
96 SF/PF 6'9 LAL LeBron James
99%
94 PG/SG 6'6 OKC Shai Gilgeous-Alexander
98%
92 C/PF 6'10 LAL Anthony Davis
97%
93 PG 6'2 MIL Damian Lillard
97%
95 SG/PG 6'5 PHX Devin Booker
97%
92 PG 6'2 MEM Ja Morant
97%
93 SF/PF 6'7 MIA Jimmy Butler
96%
90 SG/PG 6'2 DAL Kyrie Irving
94%
90 SG/SF 6'4 MIN Anthony Edwards
92%
90 SF/PF 6'7 LAC Kawhi Leonard
92%
88 PG/SG 6'1 ATL Trae Young
92%
91 SG/PG 6'1 CLE Donovan Mitchell
91%
92 PG/SG 6'5 IND Tyrese Haliburton
91%
88 PF/C 6'6 NOP Zion Williamson
91%
88 SG/SF 6'6 BOS Jaylen Brown
90%
88 PG/SG 6'7 CHA LaMelo Ball
90%
89 SG/SF 6'4 SAC De'Aaron Fox
89%
88 SG/SF 6'8 LAC Paul George
89%
88 PG/SG 6'4 DEN Jamal Murray
87%
88 C/PF 6'9 MIA Bam Adebayo
86%
86 PG/SG 6'5 LAC James Harden
85%
87 C 7'1 SAC Domantas Sabonis
84%
87 PG/SG 6'2 NYK Jalen Brunson
84%
86 PF/C 7'0 MIN Karl-Anthony Towns
83%
87 SG/PG 6'3 PHI Tyrese Maxey
83%
87 PF/C 7'3 BOS Kristaps Porzingis
82%
86 PG/SG 6'1 CLE Darius Garland
81%
85 SF/PG 6'5 ATL Dejounte Murray
81%
86 SG/PG 6'4 PHX Bradley Beal
78%
86 PF/C 6'11 CLE Evan Mobley
72%
85 C/PF 7'4 SAS Victor Wembanyama
72%
86 SG/PF 7'0 UTA Lauri Markkanen
71%
84 C 7'1 MIN Rudy Gobert
70%
85 PF/SF 6'10 ORL Paolo Banchero
69%
85 SF/PF 6'8 TOR Scottie Barnes
68%
85 C/PF 7'1 OKC Chet Holmgren
67%
85 PF/C 6'10 MEM Jaren Jackson Jr.
67%
85 PG/SG 6'5 BOS Jrue Holiday
67%
86 SG/SF 6'6 BKN Mikal Bridges
67%
85 SF/PF 6'7 MIL Khris Middleton
65%
85 SF/PF 6'8 NOP Brandon Ingram
64%
85 SG/PG 6'5 MIA Tyler Herro
64%
83 PF/SF 6'6 CHI DeMar DeRozan
62%
83 SF/SG 6'5 CHI Zach Lavine
62%
84 PG/SG 6'7 DET Cade Cunningham
60%
83 SG/PG 6'4 HOU Jalen Green
57%
85 C 6'11 HOU Alperen Sengun
55%
84 SF/PF 6'9 WAS Kyle Kuzma
55%
84 SG/SF 6'5 MEM Desmond Bane
54%
84 C 6'11 IND Myles Turner
54%
85 PG/SG 6'3 NOP C.J. McCollum
53%
85 PF/C 6'8 TOR Pascal Siakam
52%
85 C/PF 6'11 BKN Nicolas Claxton
48%
No matching quizzes found
Score Distribution
Percent of People with Each Score
Percentile by Number Answered
Your Score History
You have not taken this quiz